L. Annaei Flori Epitome rerum romanorum L. Ampelii liber memorialis praemittitur notitia literaria Studiis Socrétatis Bipontinae

Detalles Bibliográficos
Autor principal: Floro, Lucio Anneo et al. (s. II)
Formato: Libro
Lenguaje:Undetermined
Latin
Publicado: Biponti : ex typographia societatis, 1783.
Edición:Editio accurata
Materias:
Colección:Banco de datos
Acervo:Biblioteca Palafoxiana. Colección bibliográfica
Descripción Física:XXIII, 229, [26] p. ; 4°
Tema general:Historia civil
Notas:Marca de fuego: Seminario Palafoxiano. Número de localización: 28125
LEADER 00697nam a2200181Ia 4500
008 150723s9999 xx 000 0 und d
041 0 |a lat 
050 0 |a PAFX D20 F5 
100 1 |a Floro, Lucio Anneo et al. (s. II) 
245 1 0 |a L. Annaei Flori Epitome rerum romanorum L. Ampelii liber memorialis praemittitur notitia literaria Studiis Socrétatis Bipontinae 
250 |a Editio accurata 
260 |a Biponti : ex typographia societatis, 1783. 
300 |a XXIII, 229, [26] p. ; 4° 
500 |a Marca de fuego: Seminario Palafoxiano. Número de localización: 28125 
650 1 0 |a Historia civil 
942 |c PALALIB 
943 |g Biblioteca Palafoxiana. Colección bibliográfica 
999 |c 1063385  |d 1063385